Reading and Reflecting on Texts/ (Record no. 187852)

MARC details
000 -LEADER
fixed length control field 00577nam a22001817a 4500
005 - DATE AND TIME OF LATEST TRANSACTION
control field 20220502124516.0
010 ## - LCCN (DPL NO)
LC control number ENG-132488
020 ## - INTERNATIONAL STANDARD BOOK NUMBER
International Standard Book Number 9789386725578
Terms of availability 800.00
035 ## - SYSTEM CONTROL NUMBER
System control number EN-116020
037 ## - SOURCE OF ACQUISITION
Source of stock number/acquisition DBAD/PUB
082 ## - DEWEY DECIMAL CLASSIFICATION NUMBER
Classification number 372.41
100 ## - MAIN ENTRY--PERSONAL NAME
Personal name Dinakar, P.
245 ## - TITLE STATEMENT
Title Reading and Reflecting on Texts/
Statement of responsibility, etc P. Dinakar
260 ## - PUBLICATION, DISTRIBUTION, ETC. (IMPRINT)
Place of publication, distribution, etc New Delhi
Name of publisher, distributor, etc Neelkamal Publications Pvt. Ltd
Date of publication, distribution, etc 2018
270 ## - ADDRESS
Address #47/64, 23, Ansari Road, Daryaganj
City New Delhi
Postal code 110002
Electronic mail address neelkamalbooks@gmail.com
300 ## - PHYSICAL DESCRIPTION
Extent xv, 200p.
Other physical details Index
Dimensions 24cm(hbk)
942 ## - ADDED ENTRY ELEMENTS (KOHA)
Source of classification or shelving scheme Dewey Decimal Classification
Item type English Books
Classification part 372.41
Call number suffix DIN
Holdings
Withdrawn status Lost status Not for loan Collection code Home library Current library Date acquired Source of acquisition Cost, normal purchase price Full call number Barcode Copy number Cost, replacement price Koha item type
      Non-fiction Ashok Vihar Ashok Vihar 02/05/2022 DBAD/PUB 800.00 372.41 DIN EN-116020 1 800.00 English Books

© Delhi Public Library
Hit Counter
free hit counter